এক্সপোর্ট সম্পূর্ন হয়েছে — 

Vào cuộc chiến ra cửa thiền : Truyện

সংরক্ষণ করুন:
গ্রন্থ-পঞ্জীর বিবরন
প্রধান লেখক: Lý, Hải Châu
বিন্যাস: গ্রন্থ
ভাষা:Undetermined
প্রকাশিত: Thành phố Hồ Chí Minh Văn nghệ 2001
বিষয়গুলি:
ট্যাগগুলো: ট্যাগ যুক্ত করুন
কোনো ট্যাগ নেই, প্রথমজন হিসাবে ট্যাগ করুন!
Thư viện lưu trữ: Trung tâm Học liệu Trường Đại học Cần Thơ
LEADER 00574nam a2200193Ia 4500
001 CTU_96834
008 210402s9999 xx 000 0 und d
082 |a 895.922301 
082 |b Ch125 
100 |a Lý, Hải Châu 
245 0 |a Vào cuộc chiến ra cửa thiền : 
245 0 |b Truyện 
245 0 |c Lý Hải Châu, Liên An 
260 |a Thành phố Hồ Chí Minh 
260 |b Văn nghệ 
260 |c 2001 
650 |a Short stories, vietnamese 
904 |i Tuyến 
980 |a Trung tâm Học liệu Trường Đại học Cần Thơ